000 01064nas a2200325 4500
001 BR8201549
003 BR-BrBNA
005 20231205085101.0
007 ta
008 230509b bl.|||p| |||| 00| 00por d
040 _aBR-BrBNA
_bpor
_cBiblioteca Nacional de Agricultura
041 _a(Pt)
072 _aE50
100 1 _aBotelho, V.L.
100 1 _aFrancisco, D.G.
100 1 _aCastro, L.M.B. de
100 1 _aCunha, A. dos S.
100 1 _aCunha, V. de J.
100 1 _aBotelho, F.
245 1 _aColonizacao dirigida e diferenciacao socio-economica na Amazonia: o nucleo de Itaituba-Para [Brasil]
_bParte de tese
246 1 _a[Directed colonization and socio-economic differences in the Amazon; the Itaituba-Para nucleus [Brazil]]
_b[Part of Thesis]
650 _aSOCIOLOGIA RURAL
650 _aCOLONIZACAO
650 _aNIVEL DE VIDA
650 _aAMAZONIA
650 _aPARA
773 0 _tSeiva (Brazil)
_xISSN 0037-1122
_g(Jan 1982), v. 42(89) p. 28-40
_wBR8201549
909 _a202311
_bLúcia
_c55
_dLúcia Elande
942 _2AGRIS
_n0
_cANA
999 _c109100
_d109100